| 000 | 00357 a2200157 4500 | ||
|---|---|---|---|
| 001 | 167663 | ||
| 020 | _a | ||
| 040 | _cMagnum | ||
| 100 | _aMicheletti, Guaraciaba (Coord) | ||
| 240 | 1 | 0 |
_aLeitura e construcao do real - v.4 _lpor |
| 245 | 1 | 0 | _aLeitura e construcao do real - v.4 |
| 362 | 0 | _a1899 | |
| 440 | 1 | _aCortez | |
| 697 | _aENSINO | ||
| 942 | _cBK | ||
| 999 |
_c167663 _d167663 |
||